| 000 | 00443nam a2200133Ia 4500 | ||
|---|---|---|---|
| 001 | 138639 | ||
| 003 | 230810 | ||
| 005 | 20201025200408.0 | ||
| 008 | ||||||n9999 ||| || || | ||
| 100 |
_aAcevedo Mantilla , Jazmín Liliana _9169636 |
||
| 245 | 0 | _aLa situación problemática de la disposición final de los residuos sólidos en el área metropolitana de Bucaramanga y las alternativas de solución | |
| 562 | _e1 | ||
| 942 | _cTESIS | ||
| 999 |
_c138639 _d138639 |
||